MAASAI MARA UNIVERSITY

LIBRARY CATALOGUE

Contact Us: +254 020 2685356/7 or 0774 057787

Box: 861-20500, NAROK, KENYA

Email: info@mmarau.ac.ke

The lionhearted cowboy returns / (Record no. 30884)

MARC details
000 -LEADER
fixed length control field 00481nam a22001817a 4500
003 - CONTROL NUMBER IDENTIFIER
control field OSt
005 - DATE AND TIME OF LATEST TRANSACTION
control field 20230329094434.0
008 - FIXED-LENGTH DATA ELEMENTS--GENERAL INFORMATION
fixed length control field 180920b ||||| |||| 00| 0 eng d
020 ## - INTERNATIONAL STANDARD BOOK NUMBER
International Standard Book Number 9780373176618
040 ## - CATALOGING SOURCE
Original cataloging agency MMU
Language of cataloging eng
Transcribing agency MMU
Modifying agency MMU
-- MMU
050 ## - LIBRARY OF CONGRESS CALL NUMBER
Classification number FIC PZ 3 .T43 2010
100 1# - MAIN ENTRY--PERSONAL NAME
Personal name Thayer, Patricia.
245 14 - TITLE STATEMENT
Title The lionhearted cowboy returns /
Statement of responsibility, etc. Patricia Thayer.
260 ## - PUBLICATION, DISTRIBUTION, ETC. (IMPRINT)
Place of publication, distribution, etc. Toronto:
Name of publisher, distributor, etc. Harlequin,
Date of publication, distribution, etc. 2010.
300 ## - PHYSICAL DESCRIPTION
Extent 184 p. :
650 ## - SUBJECT ADDED ENTRY--TOPICAL TERM
Topical term or geographic name as entry element Romance
942 ## - ADDED ENTRY ELEMENTS (KOHA)
Source of classification or shelving scheme Library of Congress Classification
Koha item type fiction
Holdings
Withdrawn status Lost status Source of classification or shelving scheme Damaged status Not for loan Home library Current library Date acquired Source of acquisition Total Checkouts Total Renewals Full call number Barcode Date last seen Date last checked out Price effective from Koha item type
    Library of Congress Classification     Maasai Mara University Library -Main Campus Maasai Mara University Library -Main Campus 09/20/2018 Donation 1 1 FIC PZ 3 .T43 2010 201516075 01/11/2022 08/03/2021 09/20/2018 fiction
© 2016 Maasai Mara University.